Language Quiz

Random Language or Letter Quiz

Things You Might SHOUT! Quiz Stats

Quiz Updated Aug 20, 2012

Also try: Almost Dirty Words
Challenge
Share
Tweet
Embed
Score 0/26 Timer 05:00
4 Plays Today
Hint Word or Phrase % Correct
Clinking wine glasses or beer steins typically accompany this universal shout.Cheers!
94.5%
Beatles album, or a call for assistance.Help!
94.2%
Firemen's plea towards a stubborn person in 3rd floor window of a burning building.Jump!
92.8%
Shouted upon stubbing one's toe (often followed by expletives).Ouch!
89.7%
Exasperated teacher to a noisy classroom, or a director to crew just before shooting.Quiet!
87.9%
Checkers master, who has moved a piece to the opposite side of the board.King Me!
87%
Golf enthusiast's bellow, to anyone within earshot, upon a questionable shot.Fore!
86.4%
Someone instructing you to take shelter, quickly (or an excited hunter).Duck!
85.9%
Asking someone to repeat themselves at a noisy bar or event.What!?
85.4%
Final words of a frustrated worker to their employer.I Quit!
84.9%
Winning call heard at a games hall; when a line, box, T or full card is achieved.Bingo!
84.4%
Could precede either 'In The Name Of Love' or 'Or My Mom Will Shoot'.Stop!
84.4%
Vendor's call from the aisles in a stadium or theater.Popcorn!
82.7%
Hint Word or Phrase % Correct
A warning call when a felled tree is potentially coming your way.Timber!
82.6%
Used to express triumph upon finding or discovering something, like an idea.Eureka!
80%
Pirates, joyfully confirming the treasure's location on a map.X Marks The Spot!
76.2%
Superman's iconic phrase as he lifts off.Up, Up and Away!
75.9%
Called from the sidelines of a track and field race, or just before a bomb explodes.Run!
75.5%
While skiing, if you hear this shouted… ski faster!Avalanche!
74.5%
Used to command a horse to go ahead or go at a faster pace.Giddyup!
72.6%
You will hear this (among other things) if your car stalls in traffic.Move!
69.7%
Used to call someone at a distance or to gain someone's attention.Yoo-hoo!
65.5%
Shaggy, when he discovers he is all out of Scooby-Snacks.Zoinks!
54.5%
Call attention to or express satisfaction with a thing shown or accomplished (French).Voila!
52.8%
An adult's stern yell at a child who has used inappropriate words.Language!
39.1%
One's wife, after asking to take out the trash a dozen times, before doing it herself.Never Mind!
30.7%

You're not logged in!

Compare scores with friends on all Sporcle quizzes.
Sign Up with Email
OR
Log In

You Might Also Like...

Show Comments

Extras

Top Quizzes Today


Score Distribution

Your Account Isn't Verified!

In order to create a playlist on Sporcle, you need to verify the email address you used during registration. Go to your Sporcle Settings to finish the process.